Gran subasta de pinturas antiguas y modernas y objetos antiguos los días 15 y 16 de Diciembre a las 6 de la tarde procedente de una herencia catalana : Invitación Invitación
Descripción Física:
[6] pàgines ; 16 x 11 cm
Idioma:
Catalán , Español
MARC
| LEADER | 00000nam a2200000 a 4500 | ||
|---|---|---|---|
| 001 | 24907 | ||
| 003 | AGDB | ||
| 005 | 20260324181543.0 | ||
| 008 | 260113b spa||||| |||| 00| 0 cat d | ||
| 040 | |a agdb |b cat | ||
| 041 | |a spa | ||
| 245 | |a Gran subasta de pinturas antiguas y modernas y objetos antiguos los días 15 y 16 de Diciembre a las 6 de la tarde procedente de una herencia catalana : |b Invitación | ||
| 260 | |a Barcelona : |b L. Malmedé, |c [s.a.] | ||
| 300 | |a [6] pàgines ; |c 16 x 11 cm | ||
| 500 | |a Prové del fons Joan Junyer i Pascual (1909-1994) | ||
| 500 | |a Catàleg de pintures i objectes de la subhasta celebrada a les galeries L. Malmedé, Barcelona, el 15 i 16 de desembre (any desconegut) | ||
| 650 | |a Fons Joan Junyer i Pascual (1909-1994) |9 72777 | ||
| 650 | 0 | |a Subhastes d'art |2 Arxiu |9 41643 | |
| 650 | 0 | |a Art |x Exposicions |x Catàlegs |2 Arxiu |9 47687 | |
| 942 | |2 udc |c ARXIU |n 1 | ||
| 952 | |0 0 |1 0 |2 udc |4 0 |6 F504333 |7 1 |9 98928 |a Arxiu |b Arxiu |d 2026-01-13 |l 0 |o F-504-333 |p 24907 |r 2026-01-13 11:36:24 |w 2026-01-13 |y ARXIU | ||
| 999 | |c 130596 |d 130596 | ||